000 00666nam a22002537a 4500
001 30743
003 UA-OsUOA
005 20201219143759.0
007 ta
008 20041115b un ||||| |||| 00| 0 ukr d
040 _aUA-OsUOA
_brus
_cUA-OsUOA
_dUA-OsUOA
041 _arus
044 _aRU
080 _a82+78
090 _a82+78
_bЦ99
100 _aЦявловская Т. Г.
245 _aРисунки Пушкина
260 _aМосква
_bИскусство
_c1983
300 _a448 с.
_bІлюстрації
650 7 _2UDC
942 _cBK
_2udc
955 _a0
999 _c317157
_d317157